| 000 | 00416nam a2200145Ia 4500 | ||
|---|---|---|---|
| 008 | 151213s9999 xx 000 0 und d | ||
| 100 | _aGordon Cook / Natural Fibers | ||
| 245 |
_aHand Book of Textile Fibers _cGordon Cook / Natural Fibers |
||
| 260 |
_aEngland _bWoodhead Publishing _c2001 |
||
| 300 | _a8257 p. | ||
| 650 | _aTextile | ||
| 650 | _aTextile | ||
| 700 | _aGordon Cook / Natural Fibers | ||
| 999 |
_c4134 _d4134 |
||